[Event "Crema op 13th"]
[Site "Crema"]
[Date "2011.09.04"]
[Round "5"]
[White "Villa, Giorgio"]
[Black "Martino, Antonio M"]
[Result "1/2-1/2"]
[WhiteElo "1901"]
[BlackElo "1978"]
[PlyCount "71"]
[EventDate "2011.09.02"]
[EventType "swiss"]
[EventRounds "6"]
[EventCountry "ITA"]
[SourceTitle "EXT 2022"]
[Source "ChessBase"]
[SourceDate "2021.10.06"]
[SourceVersion "1"]
[SourceVersionDate "2021.10.06"]
[SourceQuality "1"]

1. d4 Nf6 2. Nf3 g6 3. c4 Bg7 4. g3 0-0 5. Bg2 d5 6. 0-0 c6 7. cxd5 cxd5 8. Nc3 Ne4 9. e3 Nxc3 10. bxc3 Nc6 11. Ba3 Re8 12. Rc1 b6 13. c4 dxc4 14. Nd2 Bb7 15. Rxc4 Na5 16. Bxb7 Nxb7 17. Qc2 Nd6 18. Rc6 Nb5 19. Bb2 Rc8 20. Rc1 Rxc6 21. Qxc6 Nd6 22. Ne4 Nxe4 23. Qxe4 Qd7 24. Qc6 Rd8 25. Qc7 Bf6 26. Ba3 e6 27. Qxd7 Rxd7 28. Rc8+ Bd8 29. Kf1 f5 30. Ke2 Kf7 31. h4 Be7 32. Bxe7 Kxe7 33. Rc6 Rb7 34. Kd3 Kd7 35. Rc3 Kd6 36. f3 1/2-1/2

[Event "Crema op 13th"]
[Site "Crema"]
[Date "2011.09.02"]
[Round "2"]
[White "Martino, Antonio M"]
[Black "Dragojlovic, Andjelko"]
[Result "0-1"]
[WhiteElo "1978"]
[BlackElo "2381"]
[PlyCount "98"]
[EventDate "2011.09.02"]
[EventType "swiss"]
[EventRounds "6"]
[EventCountry "ITA"]
[SourceTitle "EXT 2022"]
[Source "ChessBase"]
[SourceDate "2021.10.06"]
[SourceVersion "1"]
[SourceVersionDate "2021.10.06"]
[SourceQuality "1"]

1. c4 Nf6 2. Nc3 g6 3. g3 d5 4. cxd5 Nxd5 5. Bg2 Nxc3 6. dxc3 Nd7 7. Nf3 Bg7 8. 0-0 0-0 9. Be3 c6 10. Qb3 Qa5 11. Nd4 e5 12. Nc2 Nb6 13. Bxb6 axb6 14. Qa3 Qxa3 15. Nxa3 Be6 16. e4 Rfd8 17. Rfd1 Bf8 18. Nc2 Rxd1+ 19. Rxd1 Rxa2 20. Rb1 Bc5 21. Bf1 b5 22. Bd3 Kf8 23. Kf1 Ke7 24. Ke2 Bb3 25. f4 exf4 26. gxf4 Bxc2 27. Bxc2 Ba3 28. Kd3 Rxb2 29. Ra1 Bc5 30. Kd2 b4 31. cxb4 Rxb4 32. Kc3 Bd4+ 33. Kxb4 Bxa1 34. Kc5 Kd7 35. Bb3 f6 36. Kb6 Kc8 37. Be6+ Kb8 38. Kc5 Kc7 39. Bf7 Bc3 40. h4 Be1 41. h5 gxh5 42. Bxh5 Bf2+ 43. Kc4 Bg3 44. e5 fxe5 45. fxe5 Bxe5 46. Be2 b5+ 47. Kb4 Kb6 48. Ka3 c5 49. Kb3 Bd4 0-1

[Event "Lodi op 1st"]
[Site "Lodi"]
[Date "2005.06.10"]
[Round "1"]
[White "Aleksic, Nenad"]
[Black "Martino, Antonio M"]
[Result "1-0"]
[WhiteElo "2396"]
[BlackElo "2103"]
[PlyCount "60"]
[EventDate "2005.06.10"]
[EventType "swiss"]
[EventRounds "5"]
[EventCountry "ITA"]
[SourceTitle "EXT 2007"]
[Source "ChessBase"]
[SourceDate "2006.11.23"]
[SourceVersion "1"]
[SourceVersionDate "2006.11.23"]
[SourceQuality "1"]

1. e4 c5 2. Nf3 d6 3. d4 cxd4 4. Nxd4 Nf6 5. Nc3 e6 6. g3 Nc6 7. Bg2 Bd7 8. 0-0 a6 9. Nxc6 Bxc6 10. a4 Be7 11. a5 0-0 12. Be3 Nd7 13. Na4 Bxa4 14. Rxa4 b6 15. axb6 Nxb6 16. Ra2 Nc4 17. Bd4 Ne5 18. Qe2 Nc6 19. Bc3 Qb6 20. Rfa1 a5 21. Ra4 Rac8 22. R1a3 Bf6 23. Bxf6 gxf6 24. Rb3 Qc5 25. Rb5 Qa7 26. Rh5 Ne5 27. Qd2 Ng4 28. c3 Rc5 29. e5 Nxe5 30. Rxh7 Rc4 1-0

[Event "Melegnano op 4th"]
[Site "Melegnano"]
[Date "2005.02.26"]
[Round "2"]
[White "Martino, Antonio M"]
[Black "De Santis, Alessio"]
[Result "0-1"]
[WhiteElo "2127"]
[BlackElo "2293"]
[PlyCount "80"]
[EventDate "2005.02.25"]
[EventType "swiss"]
[EventRounds "5"]
[EventCountry "ITA"]
[SourceTitle "EXT 2007"]
[Source "ChessBase"]
[SourceDate "2006.11.23"]
[SourceVersion "1"]
[SourceVersionDate "2006.11.23"]
[SourceQuality "1"]

1. Nf3 d6 2. c4 f5 3. Nc3 Nf6 4. d3 g6 5. g3 Bg7 6. Bg2 0-0 7. 0-0 a5 8. Rb1 Nc6 9. Bd2 Ne5 10. a3 h6 11. b4 axb4 12. axb4 Nf7 13. Qb3 e5 14. Ne1 Nd7 15. Nc2 Kh7 16. Ra1 Rb8 17. Ra7 f4 18. Rfa1 h5 19. R1a5 Bh6 20. Ne4 Nf6 21. e3 Nxe4 22. dxe4 fxg3 23. hxg3 h4 24. Ra8 Rxa8 25. Rxa8 Qf6 26. f4 hxg3 27. Ne1 exf4 28. exf4 Bxf4 29. Bxf4 Qxf4 30. Qf3 Qxf3 31. Nxf3 Kg7 32. Nd4 Ne5 33. c5 dxc5 34. bxc5 Nd3 35. Nb5 Nf4 36. Bf3 g5 37. Nd4 g4 38. Bg2 Nh3+ 39. Bxh3 gxh3 40. Ra3 h2+ 0-1

[Event "Melegnano op 3rd"]
[Site "Melegnano"]
[Date "2004.02.15"]
[Round "5"]
[White "Martino, Antonio M"]
[Black "Pelizzola, Danilo"]
[Result "1-0"]
[WhiteElo "1968"]
[BlackElo "2125"]
[PlyCount "103"]
[EventDate "2004.02.13"]
[EventType "swiss"]
[EventRounds "5"]
[EventCountry "ITA"]
[SourceTitle "EXT 2008"]
[Source "ChessBase"]
[SourceDate "2007.11.25"]
[SourceVersion "1"]
[SourceVersionDate "2007.11.25"]
[SourceQuality "1"]

1. c4 Nf6 2. Nc3 c5 3. e4 Nc6 4. g3 d6 5. Bg2 Bd7 6. Nge2 g6 7. 0-0 Bg7 8. d3 0-0 9. h3 Rb8 10. f4 Ne8 11. Be3 Nd4 12. Rc1 Nc7 13. Qd2 Nxe2+ 14. Nxe2 b5 15. b3 Ne6 16. f5 Nd4 17. Nxd4 cxd4 18. Bh6 f6 19. h4 e5 20. fxe6 Bxe6 21. Bxg7 Kxg7 22. Qf2 bxc4 23. dxc4 Qa5 24. Rfd1 Qa3 25. Rc2 a5 26. Qxd4 a4 27. Qxd6 Qxd6 28. Rxd6 axb3 29. axb3 Kf7 30. Rc3 Ke7 31. Ra6 Rfc8 32. Ra7+ Kd6 33. Rxh7 Kc5 34. Re7 Kb4 35. Rd3 Bxc4 36. bxc4 Kxc4 37. Rd1 Kc5 38. Rc1+ Kd6 39. Rxc8 Rb1+ 40. Kh2 Kxe7 41. Rc7+ Kf8 42. Kh3 Rb4 43. Kg4 f5+ 44. Kf4 Ra4 45. Bf3 Rb4 46. g4 fxe4 47. Bxe4 g5+ 48. hxg5 Rb5 49. g6 Ra5 50. g7+ Kg8 51. Bd3 Rf5+ 52. gxf5 1-0

[Event "Melegnano op 3rd"]
[Site "Melegnano"]
[Date "2004.02.13"]
[Round "1"]
[White "Martino, Antonio M"]
[Black "Nieus, Thierry"]
[Result "1/2-1/2"]
[WhiteElo "1968"]
[BlackElo "2252"]
[PlyCount "60"]
[EventDate "2004.02.13"]
[EventType "swiss"]
[EventRounds "5"]
[EventCountry "ITA"]
[SourceTitle "EXT 2008"]
[Source "ChessBase"]
[SourceDate "2007.11.25"]
[SourceVersion "1"]
[SourceVersionDate "2007.11.25"]
[SourceQuality "1"]

1. c4 e6 2. Nc3 d5 3. d4 c5 4. cxd5 exd5 5. g3 Nc6 6. Bg2 cxd4 7. Nxd5 Be6 8. Nf4 Nf6 9. Nf3 Bf5 10. 0-0 Bc5 11. Nd3 Bb6 12. Nfe5 Be4 13. Nxc6 bxc6 14. Bxe4 Nxe4 15. Qc2 Rc8 16. b4 0-0 17. Nc5 Bxc5 18. bxc5 Re8 19. Bb2 Qd5 20. Rad1 Ng5 21. h4 Ne6 22. e3 Qxa2 23. Ra1 Qd5 24. Bxd4 Nxd4 25. exd4 Re7 26. Ra4 Rce8 27. Qa2 Qf3 28. Ra3 Qe4 29. Rxa7 Rxa7 30. Qxa7 Qxd4 1/2-1/2

[Event "Crema op 05th"]
[Site "Crema"]
[Date "2003.09.07"]
[Round "6"]
[White "Bellani, Alessandro"]
[Black "Martino, Antonio M"]
[Result "0-1"]
[WhiteElo "1810"]
[BlackElo "1950"]
[PlyCount "64"]
[EventDate "2003.09.05"]
[EventType "swiss"]
[EventRounds "6"]
[EventCountry "ITA"]
[SourceTitle "EXT 2007"]
[Source "ChessBase"]
[SourceDate "2006.11.23"]
[SourceVersion "1"]
[SourceVersionDate "2006.11.23"]
[SourceQuality "1"]

1. d4 b5 2. e4 a6 3. Nf3 Bb7 4. Bd3 e6 5. 0-0 Nf6 6. Qe2 Be7 7. Nbd2 d5 8. e5 Nfd7 9. a3 c5 10. c3 Nc6 11. g3 Qb6 12. dxc5 Nxc5 13. Bc2 Nd7 14. Nb3 Qc7 15. Re1 h6 16. h4 g5 17. hxg5 hxg5 18. Bxg5 Bxg5 19. Nxg5 Qxe5 20. Qg4 Nf6 21. Nxf7 Nxg4 22. Nxe5 Ngxe5 23. Kg2 Kf7 24. Nc5 Bc8 25. Re2 Rh6 26. Rae1 Nc4 27. Bd3 e5 28. Bxc4 bxc4 29. Rd2 Bh3+ 30. Kf3 Rf6+ 31. Ke3 d4+ 32. Ke4 Bg2+ 0-1

[Event "Crema op 05th"]
[Site "Crema"]
[Date "2003.09.06"]
[Round "4"]
[White "Murgia, Andrea"]
[Black "Martino, Antonio M"]
[Result "1-0"]
[WhiteElo "2123"]
[BlackElo "1950"]
[PlyCount "69"]
[EventDate "2003.09.05"]
[EventType "swiss"]
[EventRounds "6"]
[EventCountry "ITA"]
[SourceTitle "EXT 2007"]
[Source "ChessBase"]
[SourceDate "2006.11.23"]
[SourceVersion "1"]
[SourceVersionDate "2006.11.23"]
[SourceQuality "1"]

1. e4 c5 2. c3 e6 3. d4 cxd4 4. cxd4 Nf6 5. Nc3 d5 6. e5 Nfd7 7. Nf3 b6 8. Bg5 f6 9. exf6 Nxf6 10. Ne5 Be7 11. Bb5+ Bd7 12. Bxd7+ Nbxd7 13. Nc6 Qc7 14. Nxe7 Kxe7 15. 0-0 a6 16. Re1 Kf7 17. Qf3 Rhe8 18. h4 Rac8 19. Bf4 Qc4 20. Rad1 b5 21. g4 b4 22. Na4 Qxa2 23. Ra1 Qc4 24. g5 Ne4 25. b3 Qb5 26. Qh5+ Kg8 27. f3 Nc3 28. Kf2 Qd3 29. Nxc3 Qxd4+ 30. Kg3 bxc3 31. Rxa6 e5 32. Be3 Qd3 33. Ra7 Qf5 34. Rea1 Nf6 35. Qxh7+ 1-0